| 000 | 00761nam a2200241 a 4500 | ||
|---|---|---|---|
| 005 | 20241012063838.0 | ||
| 008 | 991125s2005 bue 000 0 spa u | ||
| 020 | _a8445127187 | ||
| 035 | _aUPN01000042341 | ||
| 049 | _aCG | ||
| 050 | 4 |
_aLB1137 _bM3.4 |
|
| 100 | 1 | _aMartínez Ten, Amparo | |
| 245 | 1 | 0 |
_aJugando en paz : _bpropuestas para jugar en libertad y sin violencia / _cAmparo Martínez Ten, Carmen García Marín. |
| 260 |
_aMadrid : _bNarcea, _cc2005. |
||
| 300 |
_a95 p. : _bcuadros |
||
| 440 | 0 | _aGuías para la formación | |
| 650 | 4 |
_aJuegos educativos _93952 |
|
| 650 | 4 |
_aSocialización del niño _93953 |
|
| 650 | 4 |
_aPaz _xEstudio y enseñanza _94940 |
|
| 700 | 1 |
_aGarcía Marín, Carmen, _ecoaut. |
|
| 905 | _aLibro | ||
| 999 |
_c42341 _d42341 |
||